| 000 | 00660nam a22001577a 4500 | ||
|---|---|---|---|
| 008 | 150430b xxu||||| |||| 00| 0 eng d | ||
| 050 | _aQ125.D177 | ||
| 100 |
_aDampier, William C.D. (ed.) _917612 |
||
| 245 |
_aReadings in the literature of science _bbeing extracts from the writings of men of science to illustrate the development of scientific thought _cEdited by / William Cecil Dampier and Margaret Dampier |
||
| 260 |
_aNew York _bHarper and brothers _c1959 |
||
| 300 |
_ax,275p. ; _c21cm. |
||
| 650 |
_aScience _xHistory _917613 |
||
| 700 |
_aDampier, Margaret (ed.) _917614 |
||
| 700 |
_aAnderson, Margaret Dampier _917936 |
||
| 942 |
_2lcc _cMONOGRAPH |
||
| 999 |
_c122783 _d122783 |
||